000 00285nam a2200157Ia 4500
100 _aIMS
650 _aGeneral
942 _cBK
654 _aessay
245 _aEssay scorer
260 _bIMS
_c2004
082 _a372.6
_bIMS
300 _a144
546 _aENGLISH
999 _c32916
_d32916